000 00612nam a2200229Ia 4500
003 OSt
005 20221007064414.0
006 a|||||r|||| 00| 0
007 ta
008 221006b |||||||| |||| 00| 0 eng d
024 _a12,420
037 _cTextual
040 _aFLL
_cFLL
_beng
041 _2eng
_aeng
082 _aV235,64:3.N7y7, L9
100 _aNandedkar V.G. Au.
_9685751
245 0 _aLocal government
260 _aDelhi
_bConcept pub. India
_c1979
300 _a203p
_ccm.
942 _hV235,64:3.N7y7, L9
_cTEXL
_2CC
999 _c1133958
_d1133958